Essential psychology / (Record no. 23314)

MARC details
000 -LEADER
fixed length control field 01058cam a2200313 i 4500
001 - CONTROL NUMBER
control field 18182762
003 - CONTROL NUMBER IDENTIFIER
control field OSt
005 - DATE AND TIME OF LATEST TRANSACTION
control field 20211222091653.0
008 - FIXED-LENGTH DATA ELEMENTS--GENERAL INFORMATION
fixed length control field 140610s2015 caua b 001 0 eng
010 ## - LIBRARY OF CONGRESS CONTROL NUMBER
LC control number 2014942690
020 ## - INTERNATIONAL STANDARD BOOK NUMBER
International Standard Book Number 9781446274828 (pbk.)
020 ## - INTERNATIONAL STANDARD BOOK NUMBER
International Standard Book Number 9781446274811 (hardcover)
040 ## - CATALOGING SOURCE
Original cataloging agency DLC
Language of cataloging eng
Description conventions rda
Transcribing agency HU
042 ## - AUTHENTICATION CODE
Authentication code pcc
050 00 - LIBRARY OF CONGRESS CALL NUMBER
Classification number BF77
Item number .E87 2015
245 00 - TITLE STATEMENT
Title Essential psychology /
Statement of responsibility, etc. Philip Banyard, Gayle Dillon, Christine Norman & Belinda Winder.
250 ## - EDITION STATEMENT
Edition statement 2nd edition.
264 #1 - PRODUCTION, PUBLICATION, DISTRIBUTION, MANUFACTURE, AND COPYRIGHT NOTICE
Place of production, publication, distribution, manufacture Los Angeles :
Name of producer, publisher, distributor, manufacturer SAGE,
Date of production, publication, distribution, manufacture, or copyright notice [2015]
300 ## - PHYSICAL DESCRIPTION
Extent x, 588 pages :
Other physical details color illustrations ;
Dimensions 28 cm
336 ## - CONTENT TYPE
Content type term text
Source rdacontent
337 ## - MEDIA TYPE
Media type term unmediated
Source rdamedia
338 ## - CARRIER TYPE
Carrier type term volume
Source rdacarrier
504 ## - BIBLIOGRAPHY, ETC. NOTE
Bibliography, etc. note Includes bibliographical references (pages 525-572) and index.
650 #0 - SUBJECT ADDED ENTRY--TOPICAL TERM
Topical term or geographic name entry element Psychology.
9 (RLIN) 5829
700 1# - ADDED ENTRY--PERSONAL NAME
Personal name Banyard, Philip,
Dates associated with a name 1953-
9 (RLIN) 24115
906 ## - LOCAL DATA ELEMENT F, LDF (RLIN)
a 7
b cbc
c orignew
d 3
e epcn
f 20
g y-gencatlg
942 ## - ADDED ENTRY ELEMENTS (KOHA)
Source of classification or shelving scheme Dewey Decimal Classification
Koha item type Books like text book referance book
Suppress in OPAC No
Holdings
Withdrawn status Lost status Source of classification or shelving scheme Damaged status Not for loan Home library Current library Shelving location Date acquired Total Checkouts Full call number Barcode Date last seen Copy number Price effective from Koha item type
    Dewey Decimal Classification     Social Library Social Library General Stacks 12/22/2021   150,2461/ESS SHLIB 00012690 12/22/2021 C1 12/22/2021 Books like text book referance book
    Dewey Decimal Classification     Social Library Social Library General Stacks 12/22/2021   150,2461/ESS SHLIB 00012687 12/22/2021 C2 12/22/2021 Books like text book referance book
    Dewey Decimal Classification     Social Library Social Library General Stacks 12/22/2021   150,2461/ESS SHLIB 00012686 12/22/2021 C3 12/22/2021 Books like text book referance book
    Dewey Decimal Classification     Social Library Social Library General Stacks 12/22/2021   150,2461/ESS SHLIB 00012688 12/22/2021 C4 12/22/2021 Books like text book referance book
    Dewey Decimal Classification     Social Library Social Library General Stacks 12/22/2021   150,2461/ESS SHLIB 00012689 12/22/2021 C5 12/22/2021 Books like text book referance book